00821 a2200181 45000010006000000050017000060080041000230030015000640400040000790800104001192450127002230200018003502640053003683000019004215050167004400410008006071000024006155000120260407155800.0260407a1994 arg spa dAR-UNSa-BCEJYS aAR-UNSa-BCEJYSbspacAR-UNSa-BCEJYS a351.72xFinanzas públicas. Legislación (Contabilidad Pública, Administración financiera...)10aLey 24.156pLa administración financiera y los sistemas de control del sector público nacional. Análisis y crítica a950-791-026-3 1aBuenos Aires :bEdiciones Interoceánicasc1994 a224 p.c22 cm. a1. Introducción: Fundamentos para dictar la ley. Análisis y crítica - 2. Contenido de la Ley 24.156 y sus reglamentaciones - 3. Conclusiones - 4. Apéndice aspa1 aCollazo, Oscar Juan